Statistics for Japanese Foods - Word Scramble

Click here to take the quiz!

General Stats

  • This quiz has been taken 83 times
  • The average score is 7 of 13

Answer Stats

HintAnswer% Correct
isshuSushi
100%
smashiiSashimi
77%
bwasiaWasabi
70%
mosiMiso
69%
dnuoUdon
69%
nemraRamen
66%
agzoyGyoza
56%
atkoyriiYakitori
44%
rapmtueTempura
39%
tontaNatto
34%
niiirgoOnigiri
34%
yokkooamniiOkonomiyaki
30%
isiahtekShiitake
19%

Score Distribution

Percentile by Number Answered

Percent of People with Each Score

Your Score History

You have not taken this quiz